[Event "Women's Speed Chess Q3"]
[Site "chess.com INT"]
[Date "2021.05.30"]
[Round "4"]
[White "Kazarian, Anna-Maja"]
[Black "Novikova, Anna"]
[Result "0-1"]
[WhiteTitle "FM"]
[BlackTitle "WIM"]
[WhiteElo "2096"]
[BlackElo "2247"]
[WhiteFideId "1033689"]
[BlackFideId "4146794"]
[EventDate "2021.05.30"]

1. e4 c5 2. Nf3 e6 3. d4 cxd4 4. Nxd4 Nf6 5. Nc3 Nc6 6. Be2 Bb4 7. O-O Bxc3 8.
bxc3 Nxe4 9. Qd3 d5 10. Ba3 Nd6 11. Qg3 Nxd4 12. cxd4 Nf5 13. Qe5 f6 14. Bb5+
Kf7 15. Qf4 Qa5 16. g4 Nh4 17. Qg3 g5 18. Be2 Kg7 19. c4 dxc4 20. Bxc4 Bd7 21.
Rfe1 Rab8 22. Bxe6 Bxe6 23. Rxe6 Rhe8 24. Rxe8 Rxe8 25. h3 Qd5 26. Bc5 Nf3+ 27.
Kf1 Nd2+ 28. Kg1 Nf3+ 29. Kf1 b6 30. Bb4 Nxd4 31. Rd1 Qc4+ 32. Kg1 Qxb4 33. Kg2
Qc4 34. Qd6 Qc6+ 35. Qxc6 Nxc6 36. Rd7+ Re7 37. Rc7 Rxc7 0-1

[Event "Women's Speed Chess Q3"]
[Site "chess.com INT"]
[Date "2021.05.30"]
[Round "4"]
[White "Nguyen, Thi Thanh An"]
[Black "Bodnaruk, Anastasia"]
[Result "0-1"]
[WhiteTitle "WGM"]
[BlackTitle "IM"]
[WhiteElo "2259"]
[BlackElo "2457"]
[WhiteFideId "12400300"]
[BlackFideId "4181751"]
[EventDate "2021.05.30"]

1. d4 Nf6 2. Bf4 g6 3. e3 Bg7 4. Nf3 O-O 5. h3 d6 6. Be2 Nfd7 7. O-O e5 8. dxe5
dxe5 9. Bg3 e4 10. Bh4 Qe8 11. Nd4 c5 12. Nb5 Bxb2 13. Nc7 Qe5 14. Bg3 Qg7 15.
Nd2 Na6 16. Nxa8 Ne5 17. Rb1 Bc3 18. Nxe4 Ba5 19. Bxa6 bxa6 20. Nxc5 Nc4 21. Rb8
Nd2 22. Re1 Rd8 23. Nd3 h5 24. Bc7 Bxc7 25. Nxc7 Ne4 26. Qe2 Kh7 27. Qf3 Nd2 28.
Qg3 Ne4 29. Qe5 Nf6 30. Nxa6 Rd5 31. Qb2 Bxa6 32. Qb3 Rd6 33. Qa3 Re6 34. Nc5
Rc6 35. Nxa6 Ne4 36. Nb4 Qf6 37. Rf1 Rd6 38. Nd3 Qf5 39. Qxa7 Qg5 0-1

[Event "Women's Speed Chess Q3"]
[Site "chess.com INT"]
[Date "2021.05.30"]
[Round "4"]
[White "Bivol, Alina"]
[Black "Zawadzka, Jolanta"]
[Result "0-1"]
[WhiteTitle "WGM"]
[BlackTitle "WGM"]
[WhiteElo "2385"]
[BlackElo "2399"]
[WhiteFideId "4100123"]
[BlackFideId "1122320"]
[EventDate "2021.05.30"]

1. e4 c5 2. c3 Nc6 3. d4 cxd4 4. cxd4 d5 5. exd5 Qxd5 6. Nf3 e6 7. Nc3 Bb4 8.
Be2 Nf6 9. O-O Qd8 10. a3 Bd6 11. Nb5 O-O 12. Nxd6 Qxd6 13. Be3 b6 14. Rc1 Bb7
15. Qc2 Rac8 16. Qb1 Nd5 17. Ng5 g6 18. Ne4 Qe7 19. Bh6 Rfd8 20. Rfd1 f6 21. Bf3
Qf7 22. Qd3 Nce7 23. Bd2 Nf5 24. Rxc8 Bxc8 25. Nc3 Nde7 26. Be3 h5 27. h3 Kg7
28. Qb5 Bd7 29. Qb3 Bc6 30. Bxc6 Nxc6 31. d5 exd5 32. Rxd5 Rxd5 33. Nxd5 Nce7
34. g4 hxg4 35. hxg4 Nxe3 36. Qxe3 Nxd5 37. Qd4 Qd7 38. g5 Qe6 39. b4 Kf7 40.
gxf6 Nxf6 41. Qc3 Qd5 42. Qc7+ Qd7 43. Qc4+ Kg7 44. Qc3 Qg4+ 45. Kf1 Qd1+ 46.
Kg2 Qd5+ 47. Kg1 Qg5+ 48. Kf1 Kh6 49. Qh3+ Nh5 50. Qc8 Qf6 51. Qd7 Nf4 52. Qxa7
Qa1# 0-1

[Event "Women's Speed Chess Q3"]
[Site "chess.com INT"]
[Date "2021.05.30"]
[Round "4"]
[White "Nguyen, Thi Mai Hung"]
[Black "Ambartsumova, Karina"]
[Result "0-1"]
[WhiteTitle "WGM"]
[BlackTitle "IM"]
[WhiteElo "2254"]
[BlackElo "2382"]
[WhiteFideId "12401676"]
[BlackFideId "4166299"]
[EventDate "2021.05.30"]

1. d4 Nf6 2. Nf3 e6 3. g3 d5 4. Bg2 b5 5. O-O Bb7 6. b3 Be7 7. c4 dxc4 8. bxc4
a6 9. a4 bxc4 10. Qc2 c5 11. dxc5 Bxc5 12. Qxc4 Qe7 13. Nc3 O-O 14. Rb1 Nc6 15.
Bg5 Na5 16. Qh4 h6 17. Bxf6 Qxf6 18. Qxf6 gxf6 19. Rfc1 Rac8 20. e3 Rfd8 21. Nh4
Bxg2 22. Kxg2 Ba3 23. Rc2 Rd3 24. Ra1 Rdxc3 25. Rxc3 Rxc3 26. Nf3 Be7 27. Nd4
Rc8 28. Rb1 Kg7 29. Rb6 Ra8 30. Rb2 Ra7 31. Rc2 f5 32. f4 Kf6 33. Kf3 Rd7 34. h3
Rb7 35. g4 Nb3 36. Nc6 Rc7 37. Rc3 Na5 38. Nxe7 Rxc3 39. Ng8+ Kg7 40. Ne7 fxg4+
41. hxg4 Nc4 42. f5 Rxe3+ 43. Kf4 e5# 0-1

[Event "Women's Speed Chess Q3"]
[Site "chess.com INT"]
[Date "2021.05.30"]
[Round "4"]
[White "Kanyamarala, Trisha"]
[Black "Eswaran, Ashritha"]
[Result "1-0"]
[WhiteTitle "WIM"]
[BlackTitle "WIM"]
[WhiteElo "2180"]
[BlackElo "2244"]
[WhiteFideId "45004722"]
[BlackFideId "2080788"]
[EventDate "2021.05.30"]

1. d4 c6 2. c4 d6 3. Nc3 Nf6 4. e4 e5 5. Nf3 Nbd7 6. g3 Be7 7. Bg2 O-O 8. O-O
Qb6 9. Rb1 a5 10. h3 h6 11. Be3 Qc7 12. Re1 Re8 13. Qd2 a4 14. Nh4 Nf8 15. Nf5
Bxf5 16. exf5 N8d7 17. g4 Nh7 18. d5 c5 19. Ne4 Bh4 20. Re2 Nhf6 21. Nc3 Nb6 22.
Qd3 Bg5 23. Bxg5 hxg5 24. b3 axb3 25. axb3 Ra6 26. Qd2 Nh7 27. Ne4 f6 28. h4
gxh4 29. b4 Nxc4 30. Qd3 Na3 31. Rb3 c4 32. Qc3 Qb6 33. Rxa3 Rea8 34. Rxa6 Rxa6
35. Qxc4 Ra1+ 36. Kh2 Qd8 37. Rc2 Nf8 38. Qc8 Qe7 39. Rc7 Qxc7 40. Qxc7 Rb1 41.
Qxd6 Rb3 42. Qc5 h3 43. Qc4 Rb2 44. d6+ Kh7 45. Kxh3 Nd7 46. Qf7 Rxb4 47. Qxd7
Rd4 48. Nxf6+ Kh6 49. Ng8+ Kg5 50. f6 gxf6 51. Qf5# 1-0

[Event "Women's Speed Chess Q3"]
[Site "chess.com INT"]
[Date "2021.05.30"]
[Round "4"]
[White "Paehtz, Elisabeth"]
[Black "Frayna, Janelle Mae"]
[Result "0-1"]
[WhiteTitle "IM"]
[BlackTitle "WGM"]
[WhiteElo "2456"]
[BlackElo "2179"]
[WhiteFideId "4641833"]
[BlackFideId "5212499"]
[EventDate "2021.05.30"]

1. d4 Nf6 2. Nf3 g6 3. Bg5 Bg7 4. Nbd2 O-O 5. c3 d6 6. e4 c5 7. dxc5 dxc5 8. Bc4
Nc6 9. Qe2 Bg4 10. O-O-O Qa5 11. Kb1 Ne5 12. h3 Bxf3 13. gxf3 Nxc4 14. Nxc4 Qa6
15. e5 Nh5 16. Bxe7 Rfe8 17. Bd6 Nf4 18. Qe4 Ne6 19. Ne3 b5 20. f4 b4 21. c4 Nd4
22. Bxc5 Nc6 23. Bd6 b3 24. a3 Na5 25. h4 Rac8 26. Rc1 Qxd6 27. Rhd1 Qc5 28. h5
Nc6 29. Rd5 Qb6 30. hxg6 hxg6 31. Rh1 Qb7 32. Qf3 Ne7 33. Qh3 Nxd5 34. cxd5 Rc2
35. e6 fxe6 36. Qh7+ Kf8 37. Nc4 Rxc4 38. Qxg6 Rc2 39. f5 Rxb2+ 40. Ka1 Rxf2+
41. Kb1 Qxd5 42. f6 Qf5+ 43. Qxf5 Rxf5 44. fxg7+ Kxg7 45. Rg1+ Kf6 0-1

[Event "Women's Speed Chess Q3"]
[Site "chess.com INT"]
[Date "2021.05.30"]
[Round "4"]
[White "Obregon Garcia, Roxangel"]
[Black "Enkhtuul, Altan-Ulzii"]
[Result "1/2-1/2"]
[WhiteTitle "WIM"]
[BlackTitle "WGM"]
[WhiteElo "2167"]
[BlackElo "2228"]
[WhiteFideId "3520420"]
[BlackFideId "4901444"]
[EventDate "2021.05.30"]

1. d4 Nf6 2. Bf4 g6 3. e3 Bg7 4. Nc3 O-O 5. h4 h5 6. Nf3 d6 7. Be2 Bg4 8. Qd2
Nbd7 9. Ng5 Bxe2 10. Qxe2 e5 11. dxe5 dxe5 12. Bg3 Qe7 13. Rd1 a6 14. O-O Rad8
15. Nf3 b5 16. Nd5 Nxd5 17. Rxd5 Nb6 18. Rxd8 Rxd8 19. Rd1 Nc4 20. b3 Nd6 21. e4
Nb7 22. Rxd8+ Nxd8 23. Qd3 c6 24. Nxe5 Bxe5 25. Bxe5 Qxe5 26. Qxd8+ Kg7 27. Qd3
Qa1+ 28. Kh2 Qxa2 29. Qc3+ Kg8 30. Qxc6 Qb2 31. g3 b4 32. Qc5 a5 33. e5 Qc1 34.
Kg2 Qd2 35. Qxa5 Qxc2 36. Qd5 Qc3 37. e6 fxe6 38. Qxe6+ Kg7 39. Qe7+ Kh6 40.
Qe3+ Kh7 41. Kf3 Qf6+ 42. Ke2 Qb2+ 43. Kf3 Qf6+ 44. Qf4 Qc6+ 45. Qe4 Qc3+ 46.
Qe3 Qf6+ 1/2-1/2

[Event "Women's Speed Chess Q3"]
[Site "chess.com INT"]
[Date "2021.05.30"]
[Round "4"]
[White "Mohota, Nisha"]
[Black "Vo, Thi Kim Phung"]
[Result "0-1"]
[WhiteTitle "IM"]
[BlackTitle "WGM"]
[WhiteElo "2195"]
[BlackElo "2335"]
[WhiteFideId "5004330"]
[BlackFideId "12401838"]
[EventDate "2021.05.30"]

1. b3 e6 2. Bb2 Nf6 3. e3 Be7 4. f4 b6 5. Nf3 Bb7 6. Be2 O-O 7. O-O d6 8. Qe1
Nbd7 9. d3 c5 10. Nbd2 d5 11. Ne5 Ne8 12. Qg3 f6 13. Nxd7 Qxd7 14. e4 Nd6 15.
Bf3 a5 16. Rad1 a4 17. exd5 exd5 18. Bg4 Qc7 19. Be6+ Kh8 20. Rde1 axb3 21. axb3
Ra2 22. Rb1 Rfa8 23. Rfe1 Bf8 24. Qh3 d4 25. Nc4 Nxc4 26. Bxc4 Rd8 27. Qg3 Bd6
28. Rf1 Re8 29. Qg4 Raa8 30. Rbe1 Rf8 31. Re2 Bc8 32. Qh4 Bb7 33. Ref2 Rad8 34.
Re2 Rde8 35. Ref2 Re3 36. g3 Rfe8 37. f5 Bc6 38. h3 Bxg3 39. Qh5 Bxf2+ 40. Rxf2
Qg3+ 41. Kf1 Re1# 0-1

[Event "Women's Speed Chess Q3"]
[Site "chess.com INT"]
[Date "2021.05.30"]
[Round "4"]
[White "Sviridova, Vlada"]
[Black "Luong, Phuong Hanh"]
[Result "0-1"]
[WhiteTitle "WFM"]
[BlackTitle "WIM"]
[WhiteElo "2144"]
[BlackElo "2229"]
[WhiteFideId "24109606"]
[BlackFideId "12401013"]
[EventDate "2021.05.30"]

1. d4 Nf6 2. c4 g6 3. Nc3 d5 4. cxd5 Nxd5 5. e4 Nxc3 6. bxc3 Bg7 7. Bc4 c5 8.
Ne2 O-O 9. O-O Nc6 10. Be3 Na5 11. Bd3 b6 12. Rc1 e5 13. dxc5 Be6 14. c4 bxc5
15. Bxc5 Bh6 16. Rc3 Re8 17. Qc2 Rc8 18. Ba3 Qc7 19. c5 Nc6 20. Bb5 Nd4 21. Nxd4
exd4 22. Bxe8 dxc3 23. Bb5 Qa5 24. Qa4 Qxa4 25. Bxa4 Bxa2 26. f4 Bf8 27. Ra1 Be6
28. Kf2 Bxc5+ 29. Bxc5 Rxc5 30. Ke3 c2 31. Rc1 Rc3+ 32. Kd4 Rc4+ 33. Ke5 Rxa4
34. Rxc2 Kg7 35. Rc5 a6 36. f5 gxf5 37. exf5 Ba2 38. f6+ Kg6 39. h3 Rc4 40. Ra5
Bb1 41. g4 Re4+ 42. Kd5 Re6 43. h4 Kxf6 44. g5+ Ke7 45. Rc5 Be4+ 46. Kd4 Bc6 47.
Ra5 Bd7 48. Rc5 Bc6 49. Rc3 Bb5 50. Kc5 Rc6+ 51. Kb4 Rxc3 52. Kxc3 Ke6 53. Kb4
Kf5 54. Ka5 Kg6 55. Kb4 Kh5 0-1

[Event "Women's Speed Chess Q3"]
[Site "chess.com INT"]
[Date "2021.05.30"]
[Round "4"]
[White "Varney, Zoe"]
[Black "Vargas, Gabriela"]
[Result "0-1"]
[WhiteTitle "WCM"]
[BlackTitle "WIM"]
[WhiteElo "1917"]
[BlackElo "2170"]
[WhiteFideId "436135"]
[BlackFideId "3700860"]
[EventDate "2021.05.30"]

1. e4 e6 2. d4 d5 3. exd5 exd5 4. Nf3 Bd6 5. c4 c6 6. Nc3 Nf6 7. Bg5 O-O 8. Be2
Re8 9. O-O dxc4 10. Bxc4 Nbd7 11. Re1 Rxe1+ 12. Qxe1 Nb6 13. Bb3 h6 14. Bh4 Bf5
15. Rd1 Be7 16. Bg3 Qf8 17. Ne5 Rd8 18. Nxf7 Nfd5 19. Nxd8 Qxd8 20. Nxd5 cxd5
21. Rc1 Bg5 22. Rc7 Bf6 23. Rxb7 Bxd4 24. Qe7 Qxe7 25. Rxe7 Bxb2 26. Rxa7 Kf8
27. Bd6+ Ke8 28. Bc5 Nc4 29. Ba4+ Kd8 30. Rf7 Be6 31. Rf8+ Kc7 32. Be3 d4 33.
Bf4+ Kb6 34. Bb3 d3 35. Bxc4 Bxc4 36. Rd8 Bc3 37. Be3+ Kb5 38. Rd7 Be6 39. Rd6
Bc4 40. Rd8 Bb4 41. f3 Ka4 42. Kf2 Ka3 43. Ra8+ Kb2 44. Bd4+ Kc2 45. Bxg7 d2 46.
Rd8 Bc5+ 47. Kg3 Bd3 48. Bxh6 d1=Q 49. f4 Qe1+ 50. Kg4 Be2+ 51. Kg5 Qf2 52. f5
Be7+ 53. Kg6 Bxd8 54. f6 Qb6 55. Kh7 Bxf6 0-1

[Event "Women's Speed Chess Q3"]
[Site "chess.com INT"]
[Date "2021.05.30"]
[Round "4"]
[White "Cori T., Deysi"]
[Black "Nurmanova, Alua"]
[Result "1-0"]
[WhiteTitle "WGM"]
[BlackTitle "WFM"]
[WhiteElo "2388"]
[BlackElo "2008"]
[WhiteFideId "3801934"]
[BlackFideId "13729390"]
[EventDate "2021.05.30"]

1. d4 Nf6 2. Nf3 g6 3. g3 Bg7 4. Bg2 O-O 5. O-O d6 6. b3 Nbd7 7. Bb2 Re8 8. Nbd2
e5 9. dxe5 dxe5 10. Nc4 e4 11. Nd4 a6 12. b4 c5 13. Nb3 cxb4 14. Nd6 Re6 15. Bh3
Re7 16. e3 Qc7 17. Rc1 Nb6 18. Nxc8 Nxc8 19. c3 Qb6 20. cxb4 Nd6 21. Bd4 Qd8 22.
Bc5 Nfe8 23. Qd5 b6 24. Bxd6 Nxd6 25. Rfd1 Nb7 26. Qc6 Qe8 27. Qxb6 Rb8 28. Qxa6
h5 29. a4 Bb2 30. Rc2 Ba3 31. b5 Kh7 32. Rcd2 Rc7 33. Qf6 Be7 34. Qf4 Bd6 35.
Rxd6 Nxd6 36. Rxd6 Rc3 37. Nd4 Rc1+ 38. Kg2 Ra8 39. Rd7 Kg8 40. Nc6 Rxa4 41. Rd8
Qxd8 42. Nxd8 Raa1 43. Qxf7+ Kh8 44. Qf8+ Kh7 45. Qe7+ Kh8 46. Qxe4 Rg1+ 47. Kf3 1-0

[Event "Women's Speed Chess Q3"]
[Site "chess.com INT"]
[Date "2021.05.30"]
[Round "4"]
[White "Samaganova, Alexandra"]
[Black "Zuriel, Marisa"]
[Result "0-1"]
[WhiteTitle "WFM"]
[BlackTitle "WIM"]
[WhiteElo "1993"]
[BlackElo "2203"]
[WhiteFideId "13800221"]
[BlackFideId "109142"]
[EventDate "2021.05.30"]

1. c4 e5 2. Nc3 Nc6 3. g3 d6 4. Bg2 Be6 5. d3 Qd7 6. h3 g6 7. Nf3 h6 8. Rb1 Bg7
9. b4 Nge7 10. b5 Nd8 11. Bd2 O-O 12. Qc1 Kh7 13. a4 c6 14. a5 Rc8 15. a6 bxa6
16. bxa6 d5 17. cxd5 cxd5 18. Qa3 Nec6 19. Na4 e4 20. Ng1 exd3 21. Nc5 Qe8 22.
Nxd3 Nd4 23. Nf3 Nc2+ 24. Kf1 Nxa3 25. Rd1 Nc4 26. Bb4 Rg8 27. Kg1 Qb5 28. Be7
Qxa6 29. Kh2 Nc6 30. Bb4 Nxb4 31. Nxb4 Qb5 32. Nd3 a5 33. Rb1 Qd7 34. Rhd1 Rb8
35. e4 Rxb1 36. Rxb1 dxe4 37. Nc5 Qe7 38. Nxe4 Bd5 39. Ned2 Nxd2 40. Nxd2 Bxg2
41. Kxg2 Qd7 42. Nf3 Qd5 43. Re1 a4 44. Re3 Bd4 45. Rd3 Rd8 46. Kh2 Qe4 47. Ra3
Bc5 48. Nh4 Kg7 49. Ra1 Qe2 50. Ng2 Bxf2 51. Rb1 Qf3 52. Ra1 Qxg3+ 53. Kh1 Qxh3# 0-1

[Event "Women's Speed Chess Q3"]
[Site "chess.com INT"]
[Date "2021.05.30"]
[Round "4"]
[White "Pandey, Srishti"]
[Black "Alboredo, Julia"]
[Result "1-0"]
[WhiteTitle "WFM"]
[BlackTitle "WFM"]
[WhiteElo "2026"]
[BlackElo "2182"]
[WhiteFideId "35093290"]
[BlackFideId "2124807"]
[EventDate "2021.05.30"]

1. d4 Nf6 2. c4 g6 3. Nc3 d5 4. Nf3 Bg7 5. Bf4 c5 6. e3 O-O 7. dxc5 Qa5 8. Rc1
Ne4 9. Be5 Bxe5 10. Nxe5 Rd8 11. cxd5 Nxc3 12. bxc3 Qxc5 13. c4 e6 14. Nd3 Qa5+
15. Qd2 Qxd2+ 16. Kxd2 exd5 17. cxd5 Bf5 18. f3 Bxd3 19. Bxd3 Nd7 20. e4 b6 21.
Ke3 Nc5 22. Bb5 f6 23. Bc6 Rac8 24. Rhd1 Kf7 25. h4 h5 26. g4 hxg4 27. fxg4 Ke7
28. Kf4 Rh8 29. Rh1 Kd6 30. h5 Nd3+ 31. Ke3 Nxc1 32. Rxc1 gxh5 33. gxh5 Rxh5 34.
Rf1 Ke7 35. Kd4 Rh2 36. a4 Rd2+ 37. Ke3 Ra2 38. Rg1 Ra3+ 39. Kd4 Kf7 40. Bd7 Rc2
41. Be6+ Kf8 42. Rg8+ Ke7 43. Rg7+ Kd8 44. Rd7+ Ke8 45. Rxa7 Rd2+ 46. Kc4 Re2
47. Bf5 Rea2 48. Kb5 Rb2+ 49. Kc6 Rc3+ 50. Kd6 b5 51. Be6 Kf8 52. axb5 Rxb5 53.
Rf7+ Ke8 54. Re7+ Kf8 55. Rf7+ Ke8 56. Rxf6 Rb6+ 57. Ke5 Rb7 58. Rh6 Rc5 59. Kd6
Ra5 60. Rh8# 1-0

[Event "Women's Speed Chess Q3"]
[Site "chess.com INT"]
[Date "2021.05.30"]
[Round "4"]
[White "Mendoza, Shania Mae"]
[Black "Agrest, Inna"]
[Result "1-0"]
[WhiteTitle "WFM"]
[BlackTitle "WIM"]
[WhiteElo "2158"]
[BlackElo "2285"]
[WhiteFideId "5211158"]
[BlackFideId "1708830"]
[EventDate "2021.05.30"]

1. e4 e5 2. Nf3 Nc6 3. d4 exd4 4. Bc4 Nf6 5. e5 d5 6. Bb5 Ne4 7. Nxd4 Bc5 8. O-O
O-O 9. Bxc6 bxc6 10. Be3 Bd7 11. Nc3 Nxc3 12. bxc3 Qe7 13. Bf4 Bb6 14. Nb3 a5
15. a4 Rad8 16. Qf3 f6 17. Qg3 fxe5 18. Bxe5 Bf5 19. Rae1 Qf7 20. Bd4 Bxc2 21.
Bxb6 cxb6 22. Nd4 Bxa4 23. Ne6 Bb5 24. Nxd8 Rxd8 25. Qg5 Rd7 26. Qg3 Bxf1 27.
Qb8+ Qf8 28. Re8 Rf7 29. Rxf8+ Rxf8 30. Qxb6 Bb5 31. Qxa5 h6 32. h3 Re8 33. Qc7
Re2 34. Qd8+ Kh7 35. Qd6 Rc2 36. Qe5 Re2 37. Qd4 Rc2 38. h4 Re2 39. h5 Re4 40.
Qd2 Re2 41. Qf4 Re1+ 42. Kh2 Re4 43. Qf5+ Kh8 44. f4 Re2 45. Qc8+ Kh7 46. Qg4
Rc2 47. Qg6+ Kh8 48. Qxc2 Bc4 49. Qg6 Kg8 50. f5 Kh8 51. f6 gxf6 52. Qxf6+ Kh7
53. Qxc6 Kg7 54. Qg6+ Kf8 55. Qxh6+ Ke7 56. Qg6 Kd7 57. h6 Kc7 58. h7 Kb7 59.
h8=Q Ka7 60. Qhh7+ Ka8 61. Qgg8# 1-0

[Event "Women's Speed Chess Q3"]
[Site "chess.com INT"]
[Date "2021.05.30"]
[Round "4"]
[White "Socko, Monika"]
[Black "Havanecz, Bianka"]
[Result "1-0"]
[WhiteTitle "GM"]
[BlackTitle "WIM"]
[WhiteElo "2421"]
[BlackElo "2257"]
[WhiteFideId "1106619"]
[BlackFideId "704814"]
[EventDate "2021.05.30"]

1. g3 d5 2. Bg2 e6 3. d3 Nf6 4. Nf3 Be7 5. O-O O-O 6. Nc3 b6 7. e4 Bb7 8. e5
Nfd7 9. d4 c5 10. Ne2 Nc6 11. c3 Qc7 12. h4 Rfc8 13. Bg5 Bf8 14. Rc1 h6 15. Be3
Qd8 16. Nh2 cxd4 17. cxd4 Na5 18. Nc3 Nc4 19. Qe2 a5 20. Rfe1 Ba6 21. Qc2 b5 22.
Rcd1 b4 23. Ng4 bxc3 24. bxc3 Nxe3 25. Rxe3 Nb6 26. Rf3 Ra7 27. Qd2 Rac7 28. Qf4
Rxc3 29. Qxf7+ Kh8 30. Rf6 Qe7 31. Qxe7 Bxe7 32. Rxe6 Bd8 33. Ne3 Rc1 34. Rxc1
Rxc1+ 35. Kh2 Bc7 36. Nxd5 Nxd5 37. Bxd5 Rd1 38. Rxa6 Rxd4 39. e6 Rxd5 40. e7
Re5 41. Ra8+ Kh7 42. e8=Q Rxe8 43. Rxe8 Bb6 44. Re6 Bxf2 45. Kg2 Bd4 46. Rd6 Bc3
47. Rd5 Kg8 48. Kf3 Kf7 49. g4 Ke6 50. Ke4 Be1 51. a4 Bc3 52. h5 Bb4 53. Rb5 Bc3
54. Rb6+ Kf7 55. Kf5 Ke7 56. Rb7+ Kd6 57. Kg6 Kc5 58. Rxg7 Bxg7 59. Kxg7 Kb4 60.
g5 Kxa4 61. gxh6 Kb3 62. h7 a4 63. h8=Q a3 64. Kg6 a2 65. h6 1-0

[Event "Women's Speed Chess Q3"]
[Site "chess.com INT"]
[Date "2021.05.30"]
[Round "4"]
[White "Assaubayeva, Bibisara"]
[Black "Nomin-Erdene, Davaademberel"]
[Result "1/2-1/2"]
[WhiteTitle "IM"]
[BlackTitle "IM"]
[WhiteElo "2381"]
[BlackElo "2382"]
[WhiteFideId "13708694"]
[BlackFideId "4900782"]
[EventDate "2021.05.30"]

1. d4 f5 2. Nf3 Nf6 3. Bf4 g6 4. e3 Bg7 5. c4 h6 6. Nc3 d6 7. h3 e6 8. Be2 Qe7
9. Qb3 Nc6 10. O-O O-O 11. c5 Kh7 12. cxd6 cxd6 13. Rad1 e5 14. dxe5 dxe5 15.
Bh2 Be6 16. Qa4 Nd7 17. Nb5 Nb6 18. Qa3 Qxa3 19. bxa3 Rad8 20. Rxd8 Rxd8 21. Rd1
Rxd1+ 22. Bxd1 Bxa2 23. Nd2 Nc4 24. Nb3 a6 25. Nc3 Nxa3 26. Nxa2 g5 27. f3 f4
28. exf4 exf4 29. Kf1 b5 30. Bg1 a5 31. Bc5 Nc4 32. Be2 N6e5 33. Bd4 a4 34. Nc5
Nxf3 35. gxf3 Bxd4 36. Bxc4 bxc4 37. Nxa4 Kg6 38. N2c3 Kf5 39. Ke2 h5 40. Ne4 g4
41. Nd6+ Ke6 42. hxg4 Kxd6 43. gxh5 Ke6 44. Kd2 Kf6 45. Nc3 Kg5 46. Ne4+ Kxh5
47. Nd6 Be3+ 48. Ke2 Kh4 49. Nxc4 Bc5 50. Nd2 Be3 51. Ne4 Kh3 52. Nd6 Kg2 53.
Nf5 Bc1 54. Nh4+ Kg3 55. Nf5+ Kg2 56. Nd4 Be3 57. Nf5 Bc1 1/2-1/2

[Event "Women's Speed Chess Q3"]
[Site "chess.com INT"]
[Date "2021.05.30"]
[Round "4"]
[White "Zaichenko, Daria"]
[Black "Linares Napoles, Oleiny"]
[Result "1/2-1/2"]
[WhiteTitle "WFM"]
[BlackTitle "WGM"]
[WhiteElo "2104"]
[BlackElo "2255"]
[WhiteFideId "4197453"]
[BlackFideId "3504794"]
[EventDate "2021.05.30"]

1. e4 d6 2. d4 g6 3. c4 Bg7 4. Nc3 Nf6 5. Be3 O-O 6. Be2 e5 7. d5 a5 8. Qd2 Na6
9. Nf3 Ng4 10. h3 Nxe3 11. Qxe3 Nc5 12. Nd2 a4 13. O-O f5 14. f4 exf4 15. Qxf4
a3 16. b4 Bxc3 17. bxc5 Bxa1 18. Rxa1 Qf6 19. Rf1 Qd4+ 20. Kh1 Qxc5 21. Nb3 Qb6
22. e5 dxe5 23. Qxe5 Qd6 24. Qd4 Bd7 25. c5 Qf6 26. Qb4 Qb2 27. Bc4 Kg7 28. Qxb7
Rac8 29. c6 Be8 30. Qa7 Bf7 31. Re1 Rfe8 32. Rxe8 Rxe8 33. Qxc7 Re1+ 34. Kh2
Qe5+ 35. Qxe5+ Rxe5 36. c7 Re8 37. Ba6 Bxd5 38. Na5 Bxa2 39. c8=Q Rd8 40. Qc7+
Bf7 41. Qxd8 a2 42. Bb5 a1=Q 43. Bc4 Qe5+ 44. Kh1 Qe1+ 45. Kh2 Qe5+ 46. Kh1 Qe1+
47. Kh2 Qe5+ 1/2-1/2

[Event "Women's Speed Chess Q3"]
[Site "chess.com INT"]
[Date "2021.05.30"]
[Round "4"]
[White "Gevorgyan, Maria"]
[Black "Tokhirjonova, Gulrukhbegim"]
[Result "1-0"]
[WhiteTitle "WGM"]
[BlackTitle "WGM"]
[WhiteElo "2219"]
[BlackElo "2350"]
[WhiteFideId "13300270"]
[BlackFideId "14203626"]
[EventDate "2021.05.30"]

1. e4 e5 2. Nf3 Nc6 3. d4 exd4 4. Nxd4 Nf6 5. Nxc6 bxc6 6. e5 Qe7 7. Qe2 Nd5 8.
h4 a5 9. c4 Ba6 10. b3 g6 11. h5 Bg7 12. f4 O-O-O 13. h6 Bf8 14. Qe4 Nb6 15. Be2
d5 16. cxd5 Bxe2 17. Qxe2 cxd5 18. Qa6+ Kb8 19. Nc3 Qb4 20. Bd2 Nc8 21. a3 Qd4
22. Qb5+ Qb6 23. O-O-O Bxa3+ 24. Kc2 Bb4 25. Ra1 d4 26. Qxb6+ cxb6 27. Ne4 d3+
28. Kd1 Bxd2 29. Kxd2 Rd4 30. Rae1 Ne7 31. Rh3 Rhd8 32. Nd6 Rxf4 33. Rxd3 Rf2+
34. Re2 Rxe2+ 35. Kxe2 Nc8 36. Nxf7 Re8 37. Rd7 b5 38. Kd3 a4 39. bxa4 bxa4 40.
Kc3 Nb6 41. Rd6 Kc7 42. Rd2 Re7 43. Rf2 Kc6 44. Kb4 Ra7 45. Rc2+ Kd5 46. Rd2+
Ke4 47. e6 Nd5+ 48. Kc5 a3 49. Rxd5 a2 50. Rd1 a1=Q 51. Rxa1 Rxa1 52. e7 Ra8 53.
Nd8 Rc8+ 54. Kd6 Kf5 55. e8=Q Kg5 56. Qe5+ Kh4 57. Qf4+ Kh5 58. g4+ Kh4 59. g5+
Kh5 60. Ne6 Rg8 61. Qh2+ Kg4 62. Qg2+ Kf5 63. Qf3# 1-0

[Event "Women's Speed Chess Q3"]
[Site "chess.com INT"]
[Date "2021.05.30"]
[Round "4"]
[White "Vantika, Agrawal"]
[Black "Zhai, Mo"]
[Result "1-0"]
[WhiteTitle "WIM"]
[BlackTitle "WGM"]
[WhiteElo "2286"]
[BlackElo "2366"]
[WhiteFideId "25050389"]
[BlackFideId "8600201"]
[EventDate "2021.05.30"]

1. d4 Nf6 2. c4 b6 3. Nf3 Bb7 4. g3 g6 5. Bg2 Bg7 6. O-O O-O 7. Qc2 Be4 8. Qb3
e6 9. Nc3 Bb7 10. Qc2 c5 11. Rd1 cxd4 12. Nxd4 Bxg2 13. Kxg2 Qc8 14. b3 Qb7+ 15.
Kg1 a6 16. Bf4 d5 17. cxd5 Nxd5 18. Nxd5 Qxd5 19. e4 Qb7 20. Bd6 Rc8 21. Qe2 Nc6
22. e5 Ne7 23. Rac1 Nd5 24. Qf3 Rxc1 25. Rxc1 Rc8 26. Rc4 b5 27. Rxc8+ Qxc8 28.
Kg2 h5 29. h4 Qc1 30. Qe2 Qc3 31. Nf3 Qc1 32. Ng5 Bh6 33. Ne4 Bg7 34. Qf3 Qc6
35. Ng5 Qd7 36. Qe4 Bh6 37. Nf3 Qc6 38. Nd4 Qc1 39. Nf3 Qc3 40. Qe2 Bg7 41. Qe4
Bh6 42. Nd4 b4 43. Ne2 Bg7 44. Nxc3 Nxc3 45. Qxb4 Nxa2 46. Qa4 Kh7 47. Qxa6 Bh6
48. Qxa2 1-0

[Event "Women's Speed Chess Q3"]
[Site "chess.com INT"]
[Date "2021.05.30"]
[Round "4"]
[White "Swati, Mohota"]
[Black "Zaksaite, Salomeja"]
[Result "0-1"]
[WhiteTitle "WFM"]
[BlackTitle "WIM"]
[WhiteElo "2027"]
[BlackElo "2202"]
[WhiteFideId "5006511"]
[BlackFideId "12801496"]
[EventDate "2021.05.30"]

1. b3 g6 2. Bb2 Nf6 3. e3 Bg7 4. d4 O-O 5. Nf3 d6 6. Be2 e6 7. c4 Nbd7 8. Qc2 c6
9. O-O Qc7 10. Nbd2 e5 11. Rac1 Re8 12. dxe5 dxe5 13. e4 Nf8 14. Rfd1 h6 15. Nf1
Bg4 16. Ne3 Bxf3 17. Bxf3 Ne6 18. c5 Nh7 19. Nc4 Nhg5 20. Be2 Nd4 21. Bxd4 exd4
22. Nd6 Re6 23. f3 a5 24. h4 Nh7 25. Bc4 Rxd6 26. cxd6 Qxd6 27. Qd3 b5 28. Bxb5
cxb5 29. Qxb5 Qg3 30. Qd5 Rf8 31. Rc6 Be5 32. h5 Qh2+ 33. Kf2 Bg3+ 34. Ke2 Qxg2+
35. Kd3 Qxf3+ 36. Kc2 Qe2+ 37. Rd2 d3+ 38. Qxd3 Qxd3+ 39. Rxd3 Be5 40. hxg6 fxg6
41. Rxg6+ Bg7 42. Rdg3 Rf7 43. e5 Rc7+ 44. Kd3 Nf8 45. R6g4 Re7 46. Kd4 Ne6+ 47.
Kd5 Kf8 48. Kd6 Ng5 49. Rf4+ Nf7+ 50. Kd5 Bxe5 51. Rf5 Bxg3 0-1